Škola v Európe - Európa v škole : Doplnkový učebný text pre stredné školy
Saved in:
| Main Author: | |
|---|---|
| Format: | Book |
| Language: | Slovak |
| Published: |
Bratislava :
ŠEVT,
2007
|
| Tags: |
No Tags, Be the first to tag this record!
|
MARC
| LEADER | 00000nam a22000003a 4500 | ||
|---|---|---|---|
| 001 | stu199178 | ||
| 005 | 20150617230035.5 | ||
| 008 | 100129s2007----xo------------------slo-d | ||
| 040 | |a STU |b slo | ||
| 041 | 0 | |a slo | |
| 044 | |a xo | ||
| 100 | 1 | |a Alner, Juraj |4 aut | |
| 245 | 1 | |a Škola v Európe - Európa v škole : |b Doplnkový učebný text pre stredné školy | |
| 260 | |a Bratislava : |b ŠEVT, |c 2007 | ||
| 300 | |a 136 s | ||
| 996 | |b 284V033351 |c V*9172/K-2282 |l VVT |s A |a 24 |w stu199178_0001 | ||